000 00777cam a22002413a 4500
001 1360
003 PGUSA
005 20140828083000.0
008 980601s1998||||xxu|||||s|||||000 | eng d
040 _aPGUSA
_beng
042 _adc
050 4 _aD
100 1 _aKingsley, Charles,
_d1819-1875
245 1 0 _aHistorical Lectures and Essays
_h[electronic resource] /
_cCharles Kingsley
260 _bProject Gutenberg,
_c1998
505 0 _aThe first discovery of America -- Cyrus, servant of the Lord -- Ancient civilisation -- Rondelet -- Vesalius -- Paracelsus -- Buchanan.
506 _aPublic domain in the USA.
516 _aElectronic text
653 _aHistory
830 0 _aProject Gutenberg
_v1360
856 4 0 _uhttp://www.gutenberg.org/ebooks/1360
942 _cEB
999 _c230708
_d230708